Communicate (Record no. 5115)

MARC details
005 - DATE AND TIME OF LATEST TRANSACTION
control field 20250625151428.0
020 ## - INTERNATIONAL STANDARD BOOK NUMBER
International Standard Book Number 0-534-25812-3
082 ## - DEWEY DECIMAL CLASSIFICATION NUMBER
Classification number 302.2 VER
100 ## - MAIN ENTRY--PERSONAL NAME
Author name VERDERBER, R. F.
245 ## - TITLE STATEMENT
Title Communicate
250 ## - EDITION STATEMENT
Edition statement 8th Ed.
260 ## - PUBLICATION, DISTRIBUTION, ETC.
Place of publication, distribution, etc. Boston
Name of publisher, distributor, etc. Wadsworth Publishing Company
Date of publication, distribution, etc. 1995
300 ## - PHYSICAL DESCRIPTION
Extent xxiii, 484Pages,Index
Other physical details Pictures, tables
Dimensions 23cm
942 ## - ADDED ENTRY ELEMENTS (KOHA)
Source of classification or shelving scheme Dewey Decimal Classification
Suppress in OPAC No
Koha item type Books
Holdings
Date last seen Total checkouts Full call number Barcode Price effective from Koha item type Lost status Source of classification or shelving scheme Damaged status Not for loan Withdrawn status Home library Current library Shelving location Date acquired Source of acquisition
06/25/2025   302.2 VER DOM0002800 06/25/2025 Books   Dewey Decimal Classification       CBE Dodoma CBE Dodoma General Collection 07/01/1997 Library Budget